Bullas de carnaval y otros esperpentos / (Registro nro. 14435)
[ vista simple ]
| 000 -LIDER | |
|---|---|
| fixed length control field | 00864nam a2200241 a 4500 |
| 001 - NÚMERO DE CONTROL | |
| Identificador de número de control | 000046286 |
| 003 - IDENTIFICACDOR DE NÚMERO DE CONTROL | |
| control field | DO-SdBNP |
| 005 - DATE AND TIME OF LATEST TRANSACTION | |
| control field | 20230720102545.0 |
| 008 - ELEMENTOS DE LONGITUD FIJA | |
| fixed length control field | 150715s1993 dr 000 0 spa d |
| 040 ## - FUENTE DE CATALOGACIÓN | |
| Agencia que crea de manera original el registro | DO-SdBNP |
| Idioma de catalogación | spa |
| Agencia que realiza la transcripción | BPMSU |
| 041 17 - CÓDIGOS DE OBRAS TRADUCIDAS O EN VARIOS IDIOMAS | |
| Código del idioma del texto/archivo de sonido o separata | spa |
| Código del idioma del resumen, abstract o subtítulo | eng |
| 082 #4 - NÚMERO DE CLASIFICACIÓN DECIMAL DE DEWEY | |
| Classification number | 394.25 |
| Item number | R918b 1993 |
| Edition number | 22 |
| 100 1# - ASIENTO PRINCIPAL -- NOMBRE PERSONAL | |
| Nombre personal | Rueda Manuel |
| Fechas asociadas con el nombre | 1921-1999 |
| 245 10 - MENCIÓN DE TITULO | |
| Título | Bullas de carnaval y otros esperpentos / |
| Mención de responsabilidad | Manuel Rueda. |
| 260 ## - PUBLICACIÓN, DISTRIBUCIÓN, ETC. (PIE DE IMPRENTA) | |
| Lugar de publicación, distribución, etc | Santo Domingo : |
| Nombre del editor, distribuidor, etc. | [s.e] |
| Fecha de publicación, distribución, etc | 1993. |
| 300 ## - DESCRIPCIÓN FÍSICA | |
| Extensión | 14 p. ; |
| Dimensiones | 29 cm. |
| 500 ## - NOTA GENERAL | |
| Nota general | Palabras pronunciadas en la puesta en circulación del libro "Imagenes de carnaval" el 11 de noviembre de 1993, en Casa de Bastidas, Santo Domingo, República Domingo |
| 590 ## - NOTA LOCAL | |
| Enlace | Inventariado, 2023/VM |
| 650 #4 - ENCABEZAMIENTO DE MATERIA--TEMÁTICO | |
| Término temático o nombre geográfico como elemento de entrada | Carnaval |
| Subdivisión geográfica | República Dominicana |
| 650 #4 - ENCABEZAMIENTO DE MATERIA--TEMÁTICO | |
| Término temático o nombre geográfico como elemento de entrada | Días festivos |
| Subdivisión geográfica | República Dominicana |
| 910 ## - VALIDACIÓN | |
| Validación | VMateo V. Control de calidad. BPMSU |
| 942 ## - ADDED ENTRY ELEMENTS (KOHA) | |
| Source of classification or shelving scheme | Dewey Decimal Classification |
| Koha item type | Libros |
| Withdrawn status | Lost status | Source of classification or shelving scheme | Damaged status | Not for loan | Collection code | Home library | Current library | Date acquired | Total Checkouts | Full call number | Barcode | Date last seen | Price effective from | Koha item type |
|---|---|---|---|---|---|---|---|---|---|---|---|---|---|---|
| Dewey Decimal Classification | Colección Dominicana | Biblioteca Pública Metropolitana Salomé Ureña | Biblioteca Pública Metropolitana Salomé Ureña | 07/20/2023 | BPMSU CD 394.25 R918b 1993 | BPMSU23070051 | 07/20/2023 | 07/20/2023 | Libros |